000 00471cam a2200157 4500500
005 20260405001417.0
041 _afre
042 _adc
100 1 0 _aOrtoli, Sven
_eauthor
245 0 0 _aUn monde faux, faux, faux
260 _c2013.
500 _a66
690 _aFaux
786 0 _nPhilosophie magazine | 66 | 2 | 2013-02-01 | p. 11-11 | 1951-1787
856 4 1 _uhttps://shs.cairn.info/magazine-philosophie-magazine-2013-2-page-11?lang=fr&redirect-ssocas=7080
999 _c2047363
_d2047363